000 01064nam a2200301Ia 4500
003 OSt
005 20220930090339.0
006 a|||||r|||| 00| 0
007 ta
008 220926b |||||||| |||| 00| 0 eng d
024 _a109290
037 _cTheses
040 _aCRL
_cCRL
_beng
041 _2eng
_aeng
100 _aRaghuvanshi Siddharth
_9542339
110 _aUniversity of Delhi. Faculty of Medical Sciences. Department of Neurology
_9522087
245 0 _aPredictors of short and long term outcome after acute stroke
260 _c2011
300 _a139p.
_ap.
_ccm.
650 _aNEUROSCIENCES
_928635
700 _a Dr. Debashish Chowdhury Gu.
_9538297
700 _a Dr. Geeta A. Khwaja Gu.
700 _a Dr. Meena Gupta Gu.
700 _a Dr. R. C. Jiloha Gu.
_9536195
700 _aUniversity of Delhi. Faculty of Medical Sciences. Department of Neurology
_9522089
942 _cDIS
_2CC
999 _c880428
_d880428